| 000 | 00418 a2200133 4500 | ||
|---|---|---|---|
| 001 | 90437 | ||
| 082 | _aPR 911 | ||
| 090 |
_c42769 _d42769 |
||
| 100 | _aRashid Al Saadi | ||
| 245 |
_aDesign & Manufact of Fixtures Measurement of Mirage III A/C Fabrication of Mirage III model to be tested in CAE wind _cG-23 (A) |
||
| 260 |
_aKarachi _bNED University _c1985 |
||
| 300 |
_a91p _eKhalid Khan |
||
| 500 | _aBE Project Reports | ||
| 942 |
_aCAE NUST _kPR 911 |
||
| 999 |
_c325510 _d325510 |
||